| 000 | 01072nam a22002777a 4500 | ||
|---|---|---|---|
| 999 |
_c113403 _d113403 |
||
| 003 | dpl | ||
| 005 | 20190123140116.0 | ||
| 008 | 190123b ||||| |||| 00| 0 eng d | ||
| 010 | _aB-049379 | ||
| 020 | _c100.00 | ||
| 035 | _aB-049379, B-049383 | ||
| 037 | _bCen Lib/Ret | ||
| 040 |
_aDPL _bHN _c0 |
||
| 082 |
_a821 _bनजीर |
||
| 100 |
_aनजीर अकबराबादी कृत _946856 |
||
| 245 |
_aजोगिनमा / _cनजीर अकबराबादी कृत |
||
| 246 |
_aJoginama / _bby Nazir akbarabadi krit |
||
| 260 |
_aदिल्ली _bविक्रम प्रकाशन _c2001 |
||
| 270 |
_aई-11/5, कृषण नगर _bदिल्ली _e110050 |
||
| 300 |
_a69पृ. _c20सेमी(सजिल्द) |
||
| 650 |
_aहिंदी साहित्य _952089 |
||
| 650 |
_aहिंदी साहित्य -- कविता _952090 |
||
| 650 |
_aHindi literature _952091 |
||
| 650 |
_aHindi literature -- Poetry _952092 |
||
| 942 |
_2ddc _cHN _h821 _mनजीर |
||